Central Library OPAC University of Rajshahi

T. S. Eliot : (Record no. 17533)

MARC details
000 -LEADER
fixed length control field 00761nam a2200241 4500
001 - CONTROL NUMBER
control field 17533
003 - CONTROL NUMBER IDENTIFIER
rucl marc code BD-RjUL
005 - DATE AND TIME OF LATEST TRANSACTION
control field 20211209000145.0
008 - FIXED-LENGTH DATA ELEMENTS--GENERAL INFORMATION
fixed length control field 730427s1962 nju b eng c
035 ## - SYSTEM CONTROL NUMBER
System control number (BD-RjUL)17591
040 ## - CATALOGING SOURCE
Original cataloging agency Cleveland St Univ Lib
Language of cataloging eng
Transcribing agency BD-RjUL
Modifying agency BD-RjUL
041 ## - LANGUAGE CODE
Language code of text/sound track or separate title eng
082 04 - DEWEY DECIMAL CLASSIFICATION NUMBER
Classification number 821.912
Author mark and year TSE 1962
245 1# - TITLE STATEMENT
Title T. S. Eliot :
Remainder of title a collection of critical essays /
Statement of responsibility, etc. Hugh Kenner
260 ## - PUBLICATION, DISTRIBUTION, ETC. (IMPRINT)
Place of publication, distribution, etc. Englewood Cliff ; N. J. :
Name of publisher, distributor, etc. Prentice-Hall,
Date of publication, distribution, etc. c1962.
300 ## - PHYSICAL DESCRIPTION
Pagination viii, 210 p. ;
Size 21 cm.
490 0# - SERIES STATEMENT
Series statement A Spectrum book: Twentieth century views, S-TC-2.
504 ## - BIBLIOGRAPHY, ETC. NOTE
Bibliography, etc Includes bibliography.
600 10 - SUBJECT ADDED ENTRY--PERSONAL NAME
Personal name Eliot, T. S.
Fuller form of name (Thomas Stearns),
Dates associated with a name 1888-1965.
700 1# - ADDED ENTRY--PERSONAL NAME
Personal name Kenner, Hugh
942 ## - ADDED ENTRY ELEMENTS (KOHA)
Source of classification or shelving scheme Dewey Decimal Classification
Koha item type Books
Holdings
Lost status Source of classification or shelving scheme Damaged status Not for loan Collection code Permanent Location Current Location Shelving location Date acquired Source of acquisition Cost, normal purchase price Total Checkouts Full call number Date last seen Copy number Koha item type
  Dewey Decimal Classification   Not For Loan Non-fiction Central Library, University of Rajshahi Central Library, University of Rajshahi Reading Room 13/09/2068 Zetlinger 46.60   821.912 TSE 1962 17/02/2014 C-1 Books